[Event "Mainz Unzicker Gala80"]
[Site "Mainz"]
[Date "2005.08.10"]
[Round "6"]
[White "Kortschnoj, Viktor Lvovich"]
[Black "Unzicker, Wolfgang"]
[Result "1-0"]
[WhiteElo "2617"]
[BlackElo "2437"]
[PlyCount "63"]
[EventDate "2005.08.09"]
[EventType "tourn (rapid)"]
[EventRounds "6"]
[EventCountry "GER"]
[EventCategory "13"]
[SourceTitle "CBM 107 Extra"]
[Source "ChessBase"]
[SourceDate "2005.09.01"]
[SourceVersion "1"]
[SourceVersionDate "2005.09.01"]
[SourceQuality "1"]

1. Nf3 Nf6 2. c4 e6 3. Nc3 d5 4. d4 Be7 5. Bf4 0-0 6. e3 c5 7. dxc5 Bxc5 8. a3 Nc6 9. Qc2 Qa5 10. Nd2 Be7 11. Nb3 Qb6 12. cxd5 exd5 13. Bd3 d4 14. Na4 Qd8 15. e4 Nd7 16. Rd1 Nde5 17. Be2 Bf6 18. 0-0 Bd7 19. Nac5 b6 20. Nxd7 Qxd7 21. Bxe5 Nxe5 22. Nxd4 Rac8 23. Qb3 Qb7 24. f4 Nc6 25. Nf5 Na5 26. Qf3 Rc2 27. Nd6 Qc6 28. b4 Nb3 29. e5 Qxf3 30. Bxf3 Be7 31. Bd5 Rc3 32. Ne4 1-0

[Event "Oberliga Bayern 0304"]
[Site "Bayern"]
[Date "2004.03.28"]
[Round "8.1"]
[White "Unzicker, Wolfgang"]
[Black "Kustar, Sandor"]
[Result "1/2-1/2"]
[WhiteElo "2431"]
[BlackElo "2365"]
[PlyCount "44"]
[EventDate "2003.10.12"]
[EventType "team-tourn"]
[EventRounds "9"]
[EventCountry "GER"]
[SourceTitle "EXT 2006"]
[Source "ChessBase"]
[SourceDate "2005.11.24"]
[SourceVersion "1"]
[SourceVersionDate "2005.11.24"]
[SourceQuality "1"]
[WhiteTeam "Muenchen Tarrasch"]
[BlackTeam "Schwabach"]
[WhiteTeamCountry "GER"]
[BlackTeamCountry "GER"]

1. e4 c6 2. d4 d5 3. Nd2 dxe4 4. Nxe4 Bf5 5. Ng3 Bg6 6. h4 h6 7. Nf3 Nf6 8. Ne5 Bh7 9. Bc4 e6 10. Qe2 Nd5 11. Qh5 Qf6 12. c3 Bd6 13. Qe2 Qe7 14. Ne4 Bc7 15. Nc5 Bd6 16. Bxd5 Bxc5 17. Bf3 Bd6 18. Bh5 Rf8 19. Bf4 Nd7 20. Nxd7 Kxd7 21. Be5 f6 22. Bxd6 Qxd6 1/2-1/2

[Event "Wch Seniors 12th"]
[Site "Naumburg"]
[Date "2002.11.01"]
[Round "10"]
[White "Zoltek, Tadeusz"]
[Black "Unzicker, Wolfgang"]
[Result "1/2-1/2"]
[WhiteElo "2317"]
[BlackElo "2432"]
[PlyCount "53"]
[EventDate "2002.10.21"]
[EventType "swiss"]
[EventRounds "11"]
[EventCountry "GER"]
[SourceTitle "EXT 2006"]
[Source "ChessBase"]
[SourceDate "2005.11.24"]
[SourceVersion "1"]
[SourceVersionDate "2005.11.24"]
[SourceQuality "1"]

1. Nf3 Nf6 2. c4 e6 3. Nc3 c5 4. g3 Nc6 5. Bg2 d5 6. cxd5 Nxd5 7. 0-0 Be7 8. Nxd5 exd5 9. d4 0-0 10. dxc5 Bxc5 11. Qc2 Bb6 12. Rd1 Qf6 13. Bg5 Qe6 14. Bf4 h6 15. Qd3 Rd8 16. a3 Qf6 17. b4 Bf5 18. Qd2 Be4 19. b5 Na5 20. Qa2 Nc4 21. h4 Re8 22. Rac1 Re7 23. Qa1 Qg6 24. e3 Qh5 25. Nd4 Ne5 26. Bxe5 Rxe5 27. a4 1/2-1/2

[Event "Zuerich Kortschnoj KO"]
[Site "Zuerich"]
[Date "2001.04.29"]
[Round "1.1"]
[White "Unzicker, Wolfgang"]
[Black "Kramnik, Vladimir"]
[Result "0-1"]
[WhiteElo "2432"]
[BlackElo "2797"]
[PlyCount "88"]
[EventDate "2001.04.29"]
[EventType "k.o. (rapid)"]
[EventRounds "3"]
[EventCountry "SUI"]
[SourceTitle "CBM 083"]
[Source "ChessBase"]
[SourceDate "2001.07.05"]
[SourceVersion "1"]
[SourceVersionDate "2001.07.05"]
[SourceQuality "1"]

1. d4 Nf6 2. c4 e6 3. Nf3 b6 4. g3 Ba6 5. b3 Bb4+ 6. Bd2 Be7 7. Bg2 d5 8. Nc3 c6 9. Ne5 Nfd7 10. Nxd7 Nxd7 11. 0-0 Rc8 12. cxd5 cxd5 13. a4 Nf6 14. Rc1 0-0 15. Re1 Qd7 16. Rc2 Rc6 17. Na2 Rxc2 18. Qxc2 Rc8 19. Qb1 Ne4 20. Bxe4 dxe4 21. Qxe4 Bb7 22. Qd3 Rd8 23. Be3 e5 24. d5 Qxd5 25. Qxd5 Bxd5 26. Rb1 Be4 27. Ra1 Bc2 28. b4 Rd1+ 29. Rxd1 Bxd1 30. a5 Bxe2 31. axb6 axb6 32. Nc3 Bc4 33. b5 Bb4 34. Na4 Bxb5 35. Nxb6 f6 36. Nd5 Bd6 37. Bd2 Kf7 38. Bb4 Bb8 39. Ba5 Bc4 40. Bc7 Bxc7 41. Nxc7 Ke7 42. Na8 Kd6 43. Nb6 Bb3 44. f3 Kc7 0-1

[Event "Zuerich Kortschnoj-A"]
[Site "Zuerich"]
[Date "2001.04.28"]
[Round "5"]
[White "Kasparov, Garry"]
[Black "Unzicker, Wolfgang"]
[Result "1-0"]
[WhiteElo "2827"]
[BlackElo "2432"]
[PlyCount "51"]
[EventDate "2001.04.28"]
[EventType "tourn (rapid)"]
[EventRounds "5"]
[EventCountry "SUI"]
[EventCategory "14"]
[SourceTitle "CBM 083"]
[Source "ChessBase"]
[SourceDate "2001.07.05"]
[SourceVersion "1"]
[SourceVersionDate "2001.07.05"]
[SourceQuality "1"]

1. e4 e5 2. Nf3 Nc6 3. d4 exd4 4. Nxd4 Bb4+ 5. c3 Bc5 6. Be3 Bb6 7. Qg4 Qf6 8. Qg3 Nxd4 9. cxd4 Bxd4 10. Bxd4 Qxd4 11. Nc3 Ne7 12. Qxc7 0-0 13. Rd1 Qb4 14. Rd2 Ng6 15. Be2 f5 16. Bc4+ Kh8 17. Nd5 Qa4 18. exf5 Rxf5 19. 0-0 Qc6 20. Bb3 Qxc7 21. Nxc7 Rb8 22. Re1 b6 23. Nb5 Bb7 24. Nd6 Rff8 25. Nf7+ Kg8 26. Rxd7 1-0

[Event "Zuerich Kortschnoj-A"]
[Site "Zuerich"]
[Date "2001.04.28"]
[Round "1"]
[White "Unzicker, Wolfgang"]
[Black "Pelletier, Yannick"]
[Result "1-0"]
[WhiteElo "2432"]
[BlackElo "2531"]
[PlyCount "71"]
[EventDate "2001.04.28"]
[EventType "tourn (rapid)"]
[EventRounds "5"]
[EventCountry "SUI"]
[EventCategory "14"]
[SourceTitle "CBM 083"]
[Source "ChessBase"]
[SourceDate "2001.07.05"]
[SourceVersion "1"]
[SourceVersionDate "2001.07.05"]
[SourceQuality "1"]

1. e4 c5 2. Nf3 d6 3. d4 cxd4 4. Nxd4 Nf6 5. Nc3 a6 6. Be2 e6 7. 0-0 Be7 8. f4 0-0 9. Kh1 Qc7 10. a4 Nc6 11. Be3 Re8 12. Bf3 Rb8 13. Qe1 Nxd4 14. Bxd4 e5 15. Ba7 Ra8 16. Be3 exf4 17. Bxf4 Be6 18. e5 dxe5 19. Bxe5 Qb6 20. Qg3 g6 21. a5 Qb4 22. Ra4 Qxb2 23. Nd5 Qb5 24. Nxe7+ Rxe7 25. Raa1 Nd5 26. Qh4 Rae8 27. c4 Qc6 28. Rfd1 Qc5 29. cxd5 Bg4 30. Bd4 Qb4 31. Bxg4 Re4 32. Qf6 Rxd4 33. Qxd4 Re1+ 34. Rxe1 Qxd4 35. Bf3 h5 36. Rad1 1-0

[Event "Zuerich Kortschnoj-A"]
[Site "Zuerich"]
[Date "2001.04.28"]
[Round "2"]
[White "Unzicker, Wolfgang"]
[Black "Short, Nigel D"]
[Result "1/2-1/2"]
[WhiteElo "2432"]
[BlackElo "2676"]
[PlyCount "92"]
[EventDate "2001.04.28"]
[EventType "tourn (rapid)"]
[EventRounds "5"]
[EventCountry "SUI"]
[EventCategory "14"]
[SourceTitle "CBM 083"]
[Source "ChessBase"]
[SourceDate "2001.07.05"]
[SourceVersion "1"]
[SourceVersionDate "2001.07.05"]
[SourceQuality "1"]

1. e4 e6 2. d4 d5 3. Nd2 Be7 4. Ngf3 Nf6 5. Bd3 c5 6. exd5 Qxd5 7. dxc5 Nbd7 8. 0-0 0-0 9. Nb3 Nxc5 10. Nxc5 Bxc5 11. Qe2 b6 12. b3 Bb7 13. Bb2 Qh5 14. Bxf6 Bxf3 15. Qxf3 Qxf3 16. gxf3 gxf6 17. c3 f5 18. Rfd1 a5 19. Kf1 Kg7 20. Ke2 Kf6 21. Rg1 Ba3 22. Rad1 Rfc8 23. c4 a4 24. Rb1 axb3 25. axb3 Bb4 26. Ra1 Bc3 27. Rxa8 Rxa8 28. Rc1 Bb4 29. Rc2 Ke5 30. c5 bxc5 31. Bc4 Ra1 32. Bb5 Rb1 33. Bc4 f4 34. Bb5 Rxb3 35. Ra2 Bc3 36. Bc4 Rb1 37. Kd3 Bd4 38. Ra7 f5 39. Rxh7 Rd1+ 40. Kc2 Rh1 41. Rh6 Bxf2 42. Kd3 Kd6 43. Rxe6+ Kc7 44. Re7+ Kd6 45. Re6+ Kd7 46. Rf6 Rxh2 1/2-1/2

[Event "Bundesliga 9900"]
[Site "Germany"]
[Date "2000.04.08"]
[Round "14.3"]
[White "Hector, Jonny"]
[Black "Unzicker, Wolfgang"]
[Result "1-0"]
[WhiteElo "2505"]
[BlackElo "2436"]
[PlyCount "244"]
[EventDate "1999.10.09"]
[EventType "team-tourn"]
[EventRounds "15"]
[EventCountry "GER"]
[SourceTitle "CBM 076"]
[Source "ChessBase"]
[SourceDate "2000.05.31"]
[SourceVersion "1"]
[SourceVersionDate "2000.05.31"]
[SourceQuality "1"]
[WhiteTeam "Luebeck"]
[BlackTeam "Duisburg"]
[WhiteTeamCountry "GER"]
[BlackTeamCountry "GER"]

1. e4 e5 2. Nf3 Nc6 3. d4 exd4 4. Nxd4 Bb4+ 5. c3 Bc5 6. Be3 Bb6 7. Qa4 Nge7 8. Na3 0-0 9. Rd1 Nxd4 10. Bxd4 Bxd4 11. Qxd4 d6 12. Bd3 Nc6 13. Qe3 f5 14. f4 fxe4 15. Bxe4 Qh4+ 16. g3 Qh3 17. Kd2 a6 18. Kc1 Bd7 19. Qd2 Rae8 20. Bg2 Qh5 21. Nc2 Re2 22. Qd5+ Qf7 23. Qxf7+ Kxf7 24. Rd2 Rfe8 25. Bd5+ Kf8 26. Bf3 R2e7 27. g4 g6 28. Rf2 Rf7 29. Be2 Ne5 30. Ne3 Nd3+ 31. Bxd3 Rxe3 32. Kd2 Rh3 33. Rg1 Rh4 34. Be2 d5 35. Rg3 Ke7 36. h3 Kd6 37. Re3 Bb5 38. Bd1 Bd7 39. Rd3 h5 40. c4 c6 41. cxd5 cxd5 42. Rg3 hxg4 43. hxg4 Rf8 44. b4 Rc8 45. a3 Rch8 46. Bc2 Rh2 47. Rgg2 Rxg2 48. Rxg2 Be8 49. g5 Rh4 50. f5 gxf5 51. Bxf5 Rf4 52. Bh7 Rf3 53. g6 Rxa3 54. g7 Ra2+ 55. Bc2 Bf7 56. g8Q Bxg8 57. Rxg8 a5 58. Rg6+ Kc7 59. Kc3 Ra3+ 60. Kd4 axb4 61. Kxd5 Rc3 62. Be4 Rc6 63. Rg7+ Kb6 64. Kd4 Rc7 65. Rg5 Rf7 66. Kc4 Rf4 67. Re5 Kc7 68. Kc5 b6+ 69. Kd5 b3 70. Re7+ Kd8 71. Rb7 Rf6 72. Ke5 Rh6 73. Bf5 b2 74. Rd7+ Ke8 75. Rd2 Rc6 76. Rxb2 Ke7 77. Be4 Re6+ 78. Kd4 Rh6 79. Rg2 Kd6 80. Rg7 b5 81. Rb7 Rh5 82. Rb6+ Kc7 83. Rg6 Rh4 84. Rc6+ Kd7 85. Rb6 Kc7 86. Rxb5 Kd6 87. Rg5 Rh6 88. Rg7 Rf6 89. Ra7 Rf4 90. Ra6+ Kc7 91. Ke5 Rh4 92. Bd5 Rh2 93. Rc6+ Kd7 94. Rb6 Rh5+ 95. Kd4 Rh4+ 96. Kc5 Ke7 97. Re6+ Kf8 98. Kd6 Kg7 99. Re1 Kf6 100. Rf1+ Kg5 101. Ke5 Ra4 102. Rg1+ Rg4 103. Ra1 Rb4 104. Ra8 Rb6 105. Rc8 Ra6 106. Rg8+ Rg6 107. Re8 Ra6 108. Rc8 Rb6 109. Rc3 Rb4 110. Bc4 Ra4 111. Be6 Ra5+ 112. Bd5 Ra4 113. Rb3 Kg4 114. Be6+ Kg5 115. Rg3+ Kh4 116. Rg8 Ra5+ 117. Bd5 Kh3 118. Ke4 Ra3 119. Kf4 Kh2 120. Rg2+ Kh3 121. Rg1 Kh4 122. Be4 Rb3 1-0

[Event "Bundesliga 9900"]
[Site "Germany"]
[Date "2000.02.19"]
[Round "10.3"]
[White "Hertneck, Gerald"]
[Black "Unzicker, Wolfgang"]
[Result "0-1"]
[WhiteElo "2571"]
[BlackElo "2436"]
[PlyCount "64"]
[EventDate "1999.10.09"]
[EventType "team-tourn"]
[EventRounds "15"]
[EventCountry "GER"]
[SourceTitle "CBM 074 Extra"]
[Source "ChessBase"]
[SourceDate "2000.03.10"]
[SourceVersion "2"]
[SourceVersionDate "2000.03.10"]
[SourceQuality "1"]
[WhiteTeam "Tegernsee"]
[BlackTeam "Duisburg"]
[WhiteTeamCountry "GER"]
[BlackTeamCountry "GER"]

1. c4 e6 2. Nf3 Nf6 3. g3 d5 4. b3 Be7 5. Bb2 0-0 6. Bg2 b6 7. cxd5 Nxd5 8. 0-0 Bb7 9. d4 Nd7 10. Re1 N5f6 11. Nc3 c5 12. e4 cxd4 13. Nxd4 Ne5 14. Re2 Qb8 15. Rd2 Rd8 16. Qe2 a6 17. Rc1 Qa7 18. Nd5 exd5 19. Nf5 Ng6 20. Nxe7+ Nxe7 21. Bxf6 gxf6 22. Rc7 Ng6 23. Rxd5 Rdc8 24. Rcd7 Rc1+ 25. Bf1 Qb8 26. Rf5 Bc6 27. Rd1 Rxd1 28. Qxd1 Kg7 29. Qc1 Bxe4 30. Rh5 Ne5 31. Qh6+ Kg8 32. Qxf6 Nf3+ 0-1

[Event "Bundesliga 9900"]
[Site "Germany"]
[Date "1999.12.12"]
[Round "6.5"]
[White "Schandorff, Lars"]
[Black "Unzicker, Wolfgang"]
[Result "1/2-1/2"]
[WhiteElo "2514"]
[BlackElo "2436"]
[PlyCount "54"]
[EventDate "1999.10.09"]
[EventType "team-tourn"]
[EventRounds "15"]
[EventCountry "GER"]
[SourceTitle "CBM 073 Extra"]
[Source "ChessBase"]
[SourceDate "2000.01.11"]
[SourceVersion "1"]
[SourceVersionDate "2000.01.11"]
[SourceQuality "1"]
[WhiteTeam "Werder Bremen"]
[BlackTeam "Duisburg"]
[WhiteTeamCountry "GER"]
[BlackTeamCountry "GER"]

1. d4 Nf6 2. c4 e6 3. g3 d5 4. Bg2 dxc4 5. Nf3 c5 6. 0-0 Nc6 7. Qa4 Bd7 8. Qxc4 Rc8 9. dxc5 Qa5 10. Nc3 Bxc5 11. Bg5 Be7 12. Qb3 0-0 13. Rfd1 Rfd8 14. Bxf6 Bxf6 15. Ne4 Be7 16. Nd6 Bxd6 17. Rxd6 Be8 18. Rxd8 Rxd8 19. a3 b6 20. Qc4 Qd5 21. Qxd5 Rxd5 22. Rc1 Kf8 23. Kf1 f6 24. Ke1 Rd8 25. Nd2 Rc8 26. Ne4 Ke7 27. f4 Bd7 1/2-1/2

[Event "Bundesliga 9900"]
[Site "Germany"]
[Date "1999.10.10"]
[Round "2.4"]
[White "Espig, Lutz"]
[Black "Unzicker, Wolfgang"]
[Result "1/2-1/2"]
[WhiteElo "2423"]
[BlackElo "2436"]
[PlyCount "74"]
[EventDate "1999.10.09"]
[EventType "team-tourn"]
[EventRounds "15"]
[EventCountry "GER"]
[SourceTitle "EXT 2000"]
[Source "ChessBase"]
[SourceDate "1999.11.16"]
[SourceVersion "1"]
[SourceVersionDate "1999.11.16"]
[SourceQuality "1"]
[WhiteTeam "Koenig Plauen"]
[BlackTeam "Duisburg"]
[WhiteTeamCountry "GER"]
[BlackTeamCountry "GER"]

1. Nf3 Nf6 2. c4 e6 3. g3 d5 4. b3 c5 5. Bg2 Nc6 6. 0-0 Be7 7. e3 0-0 8. Bb2 b6 9. Nc3 dxc4 10. bxc4 Bb7 11. Qe2 Rc8 12. Rfd1 Qc7 13. Rab1 Rfd8 14. Ba1 Ba8 15. d3 Ne5 16. Nxe5 Qxe5 17. Bxa8 Rxa8 18. Nd5 Qd6 19. Nxf6+ Bxf6 20. Bxf6 gxf6 21. d4 cxd4 22. Rxd4 Qe7 23. Rh4 f5 24. e4 Rd4 25. Qh5 f6 26. exf5 Rxh4 27. Qxh4 exf5 28. Rb5 Qe1+ 29. Kg2 Qe4+ 30. Qxe4 fxe4 31. c5 Kf7 32. Kf1 Rc8 33. cxb6 axb6 34. Rxb6 Rc1+ 35. Kg2 Rc2 36. Rb7+ Kg6 37. Re7 f5 1/2-1/2

[Event "Nagler Memorial"]
[Site "Zuerich"]
[Date "1998.08.15"]
[Round "9"]
[White "Hug, Werner"]
[Black "Unzicker, Wolfgang"]
[Result "1/2-1/2"]
[WhiteElo "2470"]
[BlackElo "2435"]
[PlyCount "39"]
[EventDate "1998.08.??"]
[EventType "schev"]
[EventRounds "10"]
[EventCountry "SUI"]
[SourceTitle "EXT 1999"]
[Source "ChessBase"]
[SourceDate "1998.11.16"]
[SourceVersion "1"]
[SourceVersionDate "1998.11.16"]
[SourceQuality "1"]

1. Nf3 Nf6 2. d4 d5 3. c3 e6 4. Bg5 Be7 5. Nbd2 0-0 6. e3 b6 7. Bd3 Bb7 8. 0-0 Nbd7 9. Qb1 h6 10. Bh4 c5 11. b4 c4 12. Bc2 b5 13. a4 a6 14. axb5 axb5 15. Rxa8 Bxa8 16. Qb2 Bc6 17. Ra1 Qc7 18. Ra5 Ra8 19. Rxa8+ Bxa8 20. Qa1 1/2-1/2

[Event "Pyramiden Franken Cup 1st"]
[Site "Fuerth"]
[Date "1998.??.??"]
[Round "5"]
[White "Unzicker, Wolfgang"]
[Black "Stolte, Alexander"]
[Result "1-0"]
[WhiteElo "2470"]
[BlackElo "2145"]
[PlyCount "65"]
[EventDate "1998.08.??"]
[EventType "swiss"]
[EventRounds "9"]
[EventCountry "GER"]
[SourceTitle "EXT 2001"]
[Source "ChessBase"]
[SourceDate "2000.11.22"]
[SourceVersion "1"]
[SourceVersionDate "2000.11.22"]
[SourceQuality "1"]

1. e4 e6 2. d4 d5 3. Nc3 Bb4 4. e5 c5 5. a3 Bxc3+ 6. bxc3 Ne7 7. Qg4 Kf8 8. Qd1 Qa5 9. Bd2 Qa4 10. Nf3 cxd4 11. cxd4 b6 12. Bb4 Ba6 13. Bd3 Bxd3 14. Qxd3 Qa6 15. Qc3 Ke8 16. a4 Nbc6 17. Bxe7 Nxe7 18. a5 Kd7 19. axb6 Qxb6 20. 0-0 Rhc8 21. Qd3 h6 22. Nd2 Rc7 23. Nb3 Rc4 24. Nc5+ Kc8 25. Rfb1 Rb4 26. c3 Rxb1+ 27. Rxb1 Qc6 28. Qh7 a5 29. Qxg7 Qe8 30. Qxh6 a4 31. Qd2 a3 32. Qa2 Qc6 33. Rb3 1-0

[Event "Bundesliga 9798"]
[Site "Germany"]
[Date "1997.11.09"]
[Round "4.4"]
[White "Bunzmann, Dimitrij"]
[Black "Unzicker, Wolfgang"]
[Result "1/2-1/2"]
[WhiteElo "2370"]
[BlackElo "2420"]
[PlyCount "65"]
[EventDate "1997.10.18"]
[EventType "team-tourn"]
[EventRounds "15"]
[EventCountry "GER"]
[SourceTitle "GER-chT"]
[Source "ChessBase"]
[SourceDate "1999.07.01"]
[SourceVersion "1"]
[SourceVersionDate "1999.07.01"]
[SourceQuality "1"]
[WhiteTeam "Neukoelln"]
[BlackTeam "Duisburg"]
[WhiteTeamCountry "GER"]
[BlackTeamCountry "GER"]

1. d4 Nf6 2. Nf3 d5 3. c4 e6 4. e3 c5 5. cxd5 exd5 6. Bb5+ Bd7 7. Be2 Nc6 8. 0-0 cxd4 9. Nxd4 Be7 10. Nc3 0-0 11. b3 Rc8 12. Bb2 Nxd4 13. Qxd4 Bc5 14. Qd3 Bc6 15. Rfd1 Qe7 16. Bf3 Rfd8 17. Ne2 Ne4 18. Nd4 Bd7 19. Rac1 a6 20. Rc2 Bd6 21. Rdc1 Rxc2 22. Rxc2 Be5 23. g3 Nf6 24. Qf1 Rc8 25. Rxc8+ Bxc8 26. Qc1 Bd7 27. Ne2 h6 28. Bd4 Bxd4 29. Nxd4 Bh3 30. Qd1 Qc5 31. Ne2 Bg4 32. Bxg4 Nxg4 33. Qd4 1/2-1/2

[Event "Bundesliga 9798"]
[Site "Germany"]
[Date "1997.11.08"]
[Round "3.4"]
[White "Unzicker, Wolfgang"]
[Black "Volke, Karsten"]
[Result "1/2-1/2"]
[WhiteElo "2420"]
[BlackElo "2455"]
[PlyCount "43"]
[EventDate "1997.10.18"]
[EventType "team-tourn"]
[EventRounds "15"]
[EventCountry "GER"]
[SourceTitle "GER-chT"]
[Source "ChessBase"]
[SourceDate "1999.07.01"]
[SourceVersion "1"]
[SourceVersionDate "1999.07.01"]
[SourceQuality "1"]
[WhiteTeam "Duisburg"]
[BlackTeam "Berlin Empor"]
[WhiteTeamCountry "GER"]
[BlackTeamCountry "GER"]

1. e4 c5 2. Nf3 e6 3. d4 cxd4 4. Nxd4 Nf6 5. Nc3 d6 6. Be2 Be7 7. 0-0 0-0 8. f4 Nc6 9. Be3 e5 10. Nb3 exf4 11. Bxf4 Be6 12. Kh1 d5 13. exd5 Nxd5 14. Nxd5 Qxd5 15. c3 a5 16. Qxd5 Bxd5 17. Rfd1 Be6 18. Bd6 Bxd6 19. Rxd6 Rfd8 20. Rxd8+ Rxd8 21. Bf3 Bd5 22. Bxd5 1/2-1/2

[Event "Franfurt CC Ordix"]
[Site "Frankfurt"]
[Date "1997.??.??"]
[Round "7"]
[White "Unzicker, Wolfgang"]
[Black "Gasthofer, Viktor"]
[Result "1/2-1/2"]
[WhiteElo "2435"]
[BlackElo "2380"]
[PlyCount "51"]
[EventDate "1997.??.??"]
[EventType "swiss (rapid)"]
[EventRounds "11"]
[EventCountry "GER"]
[SourceTitle "EXT 1998"]
[Source "ChessBase"]
[SourceDate "1997.11.17"]
[SourceVersion "1"]
[SourceVersionDate "1997.11.17"]
[SourceQuality "1"]

1. e4 e6 2. d4 d5 3. Nd2 c5 4. exd5 exd5 5. Ngf3 Nc6 6. Bb5 cxd4 7. 0-0 Bd6 8. Nb3 Nge7 9. Nbxd4 0-0 10. Be2 Bg4 11. h3 Bh5 12. c3 a6 13. Bg5 Qc7 14. Re1 Rfe8 15. Qb3 Bg6 16. Bxe7 Nxe7 17. Rad1 Rad8 18. Bd3 Bc5 19. Bxg6 hxg6 20. Re2 Rf8 21. Qa4 Qd7 22. Qc2 Nc6 23. Ne5 Nxe5 24. Rxe5 Rfe8 25. Rxe8+ Rxe8 26. Qd2 1/2-1/2

[Event "Bundesliga 9596"]
[Site "Germany"]
[Date "1996.??.??"]
[Round "?.1"]
[White "Adams, Michael"]
[Black "Unzicker, Wolfgang"]
[Result "1-0"]
[WhiteElo "2660"]
[BlackElo "2450"]
[PlyCount "131"]
[EventDate "1995.10.14"]
[EventType "team-tourn"]
[EventRounds "15"]
[EventCountry "GER"]
[SourceTitle "GER-chT"]
[Source "ChessBase"]
[SourceDate "1999.07.01"]
[SourceVersion "1"]
[SourceVersionDate "1999.07.01"]
[SourceQuality "1"]
[WhiteTeam "Solingen"]
[BlackTeam "Duisburg"]
[WhiteTeamCountry "GER"]
[BlackTeamCountry "GER"]

1. e4 e5 2. Nf3 Nc6 3. Bb5 a6 4. Ba4 Nf6 5. 0-0 Nxe4 6. d4 b5 7. Bb3 d5 8. dxe5 Be6 9. Nbd2 Nc5 10. c3 d4 11. Bxe6 Nxe6 12. cxd4 Ncxd4 13. a4 Be7 14. Nxd4 Nxd4 15. Ne4 Ne6 16. Be3 0-0 17. f4 Qxd1 18. Rfxd1 Rad8 19. axb5 axb5 20. f5 Rxd1+ 21. Rxd1 Rd8 22. Rc1 Nd4 23. f6 Ne2+ 24. Kf2 Nxc1 25. fxe7 Re8 26. Bxc1 Rxe7 27. Bf4 f6 28. Ke3 fxe5 29. Bg3 Kf7 30. Nc5 Re8 31. b4 Ra8 32. Bxe5 Ra2 33. Kf3 Rc2 34. Nd3 g6 35. Bd4 Rd2 36. Ne5+ Ke6 37. Be3 Ra2 38. Nd3 Kd5 39. Nf4+ Ke5 40. Ne2 c6 41. Bd4+ Kd6 42. Nc3 Rc2 43. h4 Ke6 44. Ne2 Kd5 45. Bc5 Ke5 46. g3 h5 47. Bf8 Ra2 48. Bg7+ Ke6 49. Ke3 Kf5 50. Nd4+ Kg4 51. Be5 Ra3+ 52. Ke4 Rc3 53. Bd6 Rc4 54. Kd3 Rc1 55. Kd2 Rc4 56. Ne2 Re4 57. Kd3 Re8 58. Bf4 Ra8 59. Ke4 Ra4 60. Ke5 Ra2 61. Nd4 Ra3 62. Nxc6 Rxg3 63. Bxg3 Kxg3 64. Nd4 Kxh4 65. Nxb5 Kg3 66. Nc3 1-0

[Event "Bundesliga 9697"]
[Site "Germany"]
[Date "1996.??.??"]
[Round "?.7"]
[White "Fischdick, Gisela"]
[Black "Unzicker, Wolfgang"]
[Result "1/2-1/2"]
[WhiteElo "2290"]
[BlackElo "2460"]
[PlyCount "97"]
[EventDate "1996.10.12"]
[EventType "team-tourn"]
[EventRounds "15"]
[EventCountry "GER"]
[SourceTitle "GER-chT"]
[Source "ChessBase"]
[SourceDate "1999.07.01"]
[SourceVersion "1"]
[SourceVersionDate "1999.07.01"]
[SourceQuality "1"]
[WhiteTeam "Wuppertal"]
[BlackTeam "Duisburg"]
[WhiteTeamCountry "GER"]
[BlackTeamCountry "GER"]

1. d4 Nf6 2. Bg5 d5 3. Bxf6 exf6 4. e3 c5 5. Nf3 Nc6 6. c3 Be7 7. Bd3 0-0 8. Nbd2 f5 9. 0-0 c4 10. Bc2 Be6 11. b4 a5 12. b5 Na7 13. a4 Nc8 14. Ne1 Nd6 15. f3 Bg5 16. Qe2 Re8 17. g3 Bd7 18. f4 Be7 19. Qf3 Ne4 20. Nxe4 fxe4 21. Qe2 f5 22. Bd1 Bd6 23. Ng2 Re6 24. Ra2 Rh6 25. Qe1 Qe7 26. Be2 Rf8 27. Qd1 Qe6 28. Rf2 Rhf6 29. Rf1 R8f7 30. Bh5 Rf8 31. Be2 Kf7 32. Bh5+ Ke7 33. Rff2 Kd8 34. Rab2 Kc7 35. Kh1 Kb6 36. Kg1 h6 37. Kh1 g6 38. Be2 g5 39. Bh5 Rg8 40. Rf1 Be7 41. Rg1 Rff8 42. Ra2 Rg7 43. Qe1 Rfg8 44. Qf2 Bd6 45. Raa1 g4 46. Nh4 Be7 47. Rg2 Be8 48. Bxe8 Rxe8 49. Ra2 1/2-1/2

[Event "Bad Homburg"]
[Site "Bad Homburg"]
[Date "1996.??.??"]
[Round "7"]
[White "Hug, Werner"]
[Black "Unzicker, Wolfgang"]
[Result "1/2-1/2"]
[WhiteElo "2445"]
[BlackElo "2460"]
[PlyCount "31"]
[EventDate "1996.07.20"]
[EventType "tourn"]
[EventRounds "9"]
[EventCountry "GER"]
[EventCategory "12"]
[SourceTitle "CBM 055"]
[Source "ChessBase"]
[SourceDate "1996.12.01"]
[SourceVersion "1"]
[SourceVersionDate "1996.12.01"]
[SourceQuality "1"]

1. e4 e5 2. Nf3 Nc6 3. Nc3 Nf6 4. Bb5 Bb4 5. 0-0 0-0 6. Bxc6 dxc6 7. d3 Bd6 8. h3 c5 9. Nd2 c6 10. Nc4 Bc7 11. a4 Be6 12. Qf3 Nd7 13. b3 f6 14. Kh1 Re8 15. Ne3 Kh8 16. Rg1 1/2-1/2

[Event "Lee Cup 3rd"]
[Site "Beijing"]
[Date "1996.??.??"]
[Round "9"]
[White "Li, Wenliang"]
[Black "Unzicker, Wolfgang"]
[Result "1/2-1/2"]
[WhiteElo "2425"]
[BlackElo "2460"]
[PlyCount "75"]
[EventDate "1996.08.??"]
[EventType "swiss"]
[EventRounds "11"]
[EventCountry "CHN"]
[SourceTitle "CBM 054 Extra"]
[Source "ChessBase"]
[SourceDate "1996.11.01"]
[SourceVersion "1"]
[SourceVersionDate "1996.11.01"]
[SourceQuality "1"]

1. d4 Nf6 2. c4 e6 3. Nc3 Bb4 4. e3 0-0 5. Bd3 d5 6. Nf3 c5 7. 0-0 Nc6 8. a3 Bxc3 9. bxc3 dxc4 10. Bxc4 Qc7 11. Ba2 e5 12. h3 e4 13. Nh2 Bf5 14. Ng4 Nxg4 15. hxg4 Bg6 16. a4 b6 17. Ba3 Rad8 18. Qe2 Rfe8 19. Rab1 Kh8 20. Rfd1 f5 21. gxf5 Bxf5 22. a5 Nxa5 23. dxc5 Rd3 24. Rxd3 exd3 25. Qd2 bxc5 26. Rb5 Re5 27. Qb2 Nc6 28. Rxc5 Rxc5 29. Bxc5 Qd8 30. Bd4 Nxd4 31. cxd4 Qc8 32. f3 h5 33. e4 Qc2 34. Qa3 Kh7 35. Qb3 Qc1+ 36. Kh2 Qf4+ 37. Kg1 Qe3+ 38. Kh2 1/2-1/2

[Event "Bad Homburg"]
[Site "Bad Homburg"]
[Date "1996.??.??"]
[Round "9"]
[White "Polgar, Sofia"]
[Black "Unzicker, Wolfgang"]
[Result "1/2-1/2"]
[WhiteElo "2480"]
[BlackElo "2460"]
[PlyCount "57"]
[EventDate "1996.07.20"]
[EventType "tourn"]
[EventRounds "9"]
[EventCountry "GER"]
[EventCategory "12"]
[SourceTitle "CBM 055"]
[Source "ChessBase"]
[SourceDate "1996.12.01"]
[SourceVersion "1"]
[SourceVersionDate "1996.12.01"]
[SourceQuality "1"]

1. e4 e5 2. Nf3 Nc6 3. Bb5 a6 4. Ba4 Nf6 5. 0-0 Nxe4 6. d4 b5 7. Bb3 d5 8. dxe5 Be6 9. c3 Be7 10. Nbd2 0-0 11. Bc2 f5 12. Nb3 Qd7 13. Nbd4 Nxd4 14. Nxd4 c5 15. Nxe6 Qxe6 16. f3 Ng5 17. a4 Rad8 18. axb5 axb5 19. Bxg5 Bxg5 20. f4 Be7 21. Kh1 Kh8 22. Ra7 d4 23. cxd4 Rxd4 24. Qf3 Rd2 25. Rf2 Rd7 26. Rxd7 Qxd7 27. h3 c4 28. g4 g6 29. gxf5 1/2-1/2